| 000 | 00696cab a2200217 4500 | ||
|---|---|---|---|
| 001 | WB3031-09 | ||
| 008 | 090401t1994 xxu||||| |||| 00| 0 eng d | ||
| 035 | _a(Sirsi) u29970 | ||
| 041 | _aeng | ||
| 245 | _aNew Building Regs fees announced | ||
| 260 | _c1994 | ||
| 350 | _a0 | ||
| 490 |
_aDoE News Release _v(474) 3 August 1994 (3) |
||
| 520 | _aNew regulations, taking effect from 1 October 1994, conclude the government aim of establishing a self-financing system for Building Regulations fees. | ||
| 650 |
_aBUILDING CONTROL _96222 |
||
| 650 |
_aBUILDING REGULATIONS _96224 |
||
| 650 | _aFEES | ||
| 690 | _aBUILDING AND CONSTRUCTION-REGULATIONS | ||
| 942 | _n0 | ||
| 948 | _c04/03/1997 | ||
| 999 |
_c20168 _d20168 |
||